| 000 | 00775nam a22002177a 4500 | ||
|---|---|---|---|
| 999 |
_c2108 _d2108 |
||
| 001 | 2108 | ||
| 003 | BD-JhCC | ||
| 005 | 20171113192631.0 | ||
| 008 | 171029s1374 bg |||| |||| 000 0 b d | ||
| 035 | _a(BD-JhCC)2108 | ||
| 040 |
_aBD-JhCC _dBD-JhCC |
||
| 041 | _aben | ||
| 082 |
_a891.4409 _bMAH 1374 |
||
| 100 | _aমাহফুজ উল্লাহ্, মোহাম্মদ | ||
| 245 |
_aসাহিত্য সংস্কৃতি জাতীয়তা / _cমোহাম্মদ মাহফুজ উল্লাহ্ |
||
| 260 |
_aঢাকা : _bআহমদ পাবলিশিং হাউস , _c১৩৭৪. |
||
| 300 |
_a২৭২ পৃ. : _c২২ সেমি. |
||
| 650 | _aBengali Literature | ||
| 942 |
_2ddc _cBK |
||